000 00421nam a22001451a 4500
020 _c0.00
040 _aNEGST Library - Kenya
050 _aDS 778.M3A515 1966
245 _aQuatations from Chairman Mao Tse - Tung
_h[Text]
260 _aNew York
_bBantam Books
_c1966
300 _a311 p.;
600 _aCommunism - China
852 _919.00
999 _c43847
_d43823